| 000 | 00548nam a2200181 4500 | ||
|---|---|---|---|
| 001 | 116330 | ||
| 003 | ES-MaACL | ||
| 005 | 20230906190702.0 | ||
| 007 | t| | ||
| 008 | 061121s1965 xxu r ||||1| eng d | ||
| 100 | 0 |
_aParménides. _989198 |
|
| 245 | 1 | 0 |
_aParménides _b: a text with traslation commentary and critical essays, by Leonardo Tarán. |
| 250 | _a[3rd printing]. | ||
| 260 |
_aPrinceton : _bUniversity Press, _c1965. |
||
| 300 |
_aXV, 314 p. ; _c21 cm. |
||
| 700 | 1 |
_aTarán, Leonardo. _9109261 |
|
| 852 |
_aES-MaACL _jA-5667 _bR.94630 |
||
| 999 |
_c116330 _d116330 |
||